MARC

LEADER 00000nam0a2200000 4500
001 156684
005 20240201144924.0
010 |a 5982982903 
035 |a (RuTPU)RU\TPU\book\169930 
090 |a 156684 
100 |a 20090330d2008 m y0rusy50 ca 
101 0 |a rus 
102 |a RU 
105 |a a j 001zy 
200 1 |a Расчет оптимальных условий работы электродиализатора  |e методические указания  |f Л. И. Дорофеева  |g Томский политехнический университет (ТПУ) 
210 |a Томск  |c Изд-во ТПУ  |d 2008 
215 |a 11 с.  |c ил. 
320 |a Библиогр.: с. 9. 
452 1 |0 (RuTPU)RU\TPU\book\200617  |t Расчет оптимальных условий работы электродиализатора  |o методические указания  |f Л. И. Дорофеева  |g Томский политехнический университет (ТПУ)  |c Томск  |n Изд-во ТПУ  |d 2008  |a Дорофеева, Людмила Ивановна 
606 1 |a Вода  |x Очистка  |x Ионообменные методы  |2 stltpush  |3 (RuTPU)RU\TPU\subj\67811  |9 83461 
610 1 |a электродиализаторы 
610 1 |a оптимальные условия 
610 1 |a ионообмен 
610 1 |a лабораторные работы 
610 1 |a учебные пособия 
610 1 |a физика 
610 1 |a кинетика 
610 1 |a труды учёных ТПУ 
675 |a 628.16.09(076.5)  |v 3 
700 1 |a Дорофеева  |b Л. И.  |c физик  |c доцент Томского политехнического университета, кандидат физико-математических наук  |f 1969-  |g Людмила Ивановна  |3 (RuTPU)RU\TPU\pers\26857  |9 12475 
712 0 2 |a Томский политехнический университет (ТПУ)  |c (1991- )  |3 (RuTPU)RU\TPU\col\376 
801 1 |a RU  |b 63413507  |c 20090330  |g PSBO 
801 2 |a RU  |b 63413507  |c 20210621  |g PSBO 
942 |c BK